000
00252 a2200085 4500
020
_a
9780847828784
100
_a
Ben Van Berkel and Caroline Bos
245
_a
UN Studio: Design Models - Architecture, Urbanism, Infrastructure
260
_b
Rizzoli
_c
2006
999
_c
13685
_d
13685